Statistics for Mick Foley trivia

Click here to take the quiz!

General Stats

  • This quiz has been taken 92 times
  • The average score is 19 of 24

Answer Stats

HintAnswer% Correct
What hardcore wrestling persona did Foley portray, in which he wears a shirt featuring a wanted poster of himself?Cactus Jack
98%
What body part was ripped from Foley's body in a later match with that same opponent?ear
98%
What is the name of the psychotic, masked character that Foley portrayed?Mankind
98%
Who did Foley defeat to win his first WWF Championship?The Rock
95%
What year did Foley enter the Royal Rumble as all three of these characters?1998
93%
What is the name of the hippie character that Foley portrayed?Dude Love
93%
What newly created championship did Vince McMahon award Foley in 1998?Hardcore Championship
93%
Who shouted "As God as my witness, he is broken in half!" when Foley was thrown off the top of Hell in a Cell by the Undertaker?Jim Ross
93%
What was the name of the sock puppet he sometimes used to apply this maneuver?Mr. Socko
93%
What submission move did Foley use that involved putting his fingers into the opponent's mouth?Mandible Claw
89%
In that same match, what move caused Foley to fall through the roof of the cell and into the ring below?Chokeslam
87%
What was the name of Foley's tag team with The Rock?Rock 'n' Sock Connection
87%
Who inducted him into the Hall of Fame?Terry Funk
84%
What got stuck in Foley's nose after his fall into the Cell?tooth
84%
What year was Foley inducted into the WWE Hall of Fame?2013
75%
Who did Foley face in a Texas Death Match at WCW's Halloween Havoc in 1993?Vader
69%
Who was in Foley's corner during the Fatal 4-Way match for the WWF Championship at WrestleMania 2000?Linda McMahon
65%
Who did Foley defeat to win the TNA World Championship in 2009?Sting
64%
Who did Foley face in a hardcore match in 2004, which he regards as possibly the best match of his career?Randy Orton
62%
What on-screen role did Foley take with WWF after retiring from active competition in 2000?Commissioner
55%
What was the title of Foley's first memoir?Have a Nice Day: A Tale of Blood and Sweatsocks
55%
Which WCW announcer spoiled the result of Foley's title win with the sarcastic insult "That'll put a lot of butts in the seats," resulting in thousands of people switching the channel to see him win?Tony Schiavone
51%
Who did Foley win two ECW Tag Team Championships with?Mikey Whipwreck
44%
What reality show on the WWE Network featured Foley and his family?Holy Foley!
33%

Score Distribution

Percentile by Number Answered

Percent of People with Each Score

Your Score History

You have not taken this quiz